00542cam a22001812 4500001001100000005001700011008004100028020003500069020002500104040001500129050002200144100003300166245004700199260004700246300000900293650002500302700003300327000000369620151217154342.0070514s xx 000 0 eng d a0852267711 (part I) :cKES 840 a085226772X (part II) aKABUcKABU 0aQC21.2b.H35 19911 aHalliday, David.@000008165410aPhysics /cDavid Halliday, Robert Resnick. aNew Delhi :bWiley Eastern Limited,c1991. a2 v. 0aPhysics.@00001537781 aResnick, Robert.@0000153782